000
00275nam a2200109Ia 4500
008
220204s9999 xx 000 0 und d
082
_b
KHA
100
_a
Khan, G
245
0
_a
Kents' spoken Arabic in one month
260
_a
Jullunder
_b
School of Foreign Language
942
_c
BK
999
_c
28793
_d
28793